000 00763nam a2200205Ia 4500
005 20251020182617.0
008 200515s9999 xx 000 0 und d
082 _aSC/696.1/P45
110 _aIninvi
245 0 _aInfraestructura sanitaria para poblaciones urbanas : Reglamento Nacional de Construcciones
260 _aLima
260 _c1991
300 _a30
520 _aElaborada con la finalidad de garantizar un mínimo de calidad, durabilidad y seguridad de los proyectos y obras de infraestructura sanitaria para habilitaciones urbanas en asentamientos humanos mayores de 2,000 habitantes. La norma considera la previsión
650 _aINFRAESTRUCTURA SANITARIA
650 _aNORMAS
650 _aPUB ININVI
650 _aS-100
942 _cLIB
999 _c3545
_d3545